| 000 | 00813nac a22002051u 4500 | ||
|---|---|---|---|
| 008 | 101007t1976 xxu|||||r|||| 001 0 eng d | ||
| 010 | _a76022253 | ||
| 020 | _a0250401398 | ||
| 082 | 0 | 0 |
_a697.92 _bMCD _222 |
| 100 |
_aMcDermott, Henry J. _920155 |
||
| 245 | 1 | 0 |
_aHandbook of Ventilation for Contaminant Control : _b(Including OSHA Requirements) / _cby Henry J. McDermott. |
| 260 |
_aAnn Arbor, Mich. : _bAnn Arbor Science Publishers, _cc1976. |
||
| 300 |
_aviii, 368 p. : _bill. ; _c24 cm. |
||
| 500 | _aDonations | ||
| 500 | _aDonations - Dr. Mostafa Gouda | ||
| 504 | _aIncludes bibliographical references and index. | ||
| 650 | 0 |
_aVentilation _xHandbooks, manuals, etc. _920156 |
|
| 650 | 0 |
_aDecontamination (from gases, chemicals, etc.) _xHandbooks, manuals, etc. _920157 |
|
| 942 |
_cBB _k697.92MCD _2ddc |
||
| 999 |
_c1723 _d1723 |
||